000 00905nam a2200253 a 4500
001 000047140
005 20240412074305.0
008 150216s2016 dr a 000 j spa d
020 _a9789945175844
040 _aDO-SdBNP
_bspa
_cBNPHU
082 _axxx
_bM492v
100 1 _aMedrano, Néstor,
_d1970-
_910301
245 1 0 _a¿Veremos los tucutús abuelo? /
_cNéstor Medrano ; ilustraciones de Montserrat Ubach.
260 _aSanto Domingo :
_bEdiciones SM,
_c2016.
300 _a41 p. :
_bil. ;
_c22 cm.
490 1 _aEl barco de vapor, primeros lectores ;
_v22 ;
590 _aInventariado, 2018/ YL
500 _aIncluye datos biográficos del autor e ilustrador.
521 _aDesde los 5 años.
650 4 _aCuentos infantiles dominicano
_973270
650 0 _aLiteratura dominicana.
_967
700 1 2 _aUbach, Montserrat
_eil.
_973271
830 0 _aEl barco de vapor, primeros lectores
_n22
_974927
999 _c46628
_d46628